[Event "Varese op 10th"]
[Site "Varese"]
[Date "2010.10.10"]
[Round "3"]
[White "Picchi, Arnaldo"]
[Black "Cervini, Gian Piero"]
[Result "1-0"]
[WhiteElo "1428"]
[BlackElo "1752"]
[PlyCount "67"]
[EventDate "2010.10.09"]
[EventType "swiss"]
[EventRounds "6"]
[EventCountry "ITA"]
[SourceTitle "EXT 2024"]
[Source "ChessBase"]
[SourceDate "2023.10.10"]
[SourceVersion "1"]
[SourceVersionDate "2023.10.10"]
[SourceQuality "1"]

1. d4 Nf6 2. Nf3 g6 3. e3 Bg7 4. Bd3 c5 5. c3 cxd4 6. exd4 Nc6 7. 0-0 0-0 8. Re1 d6 9. Nbd2 Qc7 10. Ne4 Nxe4 11. Rxe4 Bf5 12. Re1 Bxd3 13. Qxd3 Rae8 14. Be3 e5 15. Nd2 f5 16. f4 exd4 17. Bxd4 Nxd4 18. cxd4 d5 19. g3 Re7 20. Nf3 Rfe8 21. Ne5 Qb6 22. Kh1 Rc8 23. b3 Rec7 24. Red1 Rc3 25. Qf1 R8c7 26. Qe1 Qb5 27. Rac1 Rc2 28. Rxc2 Rxc2 29. Rc1 Rxa2 30. Qc3 Qe2 31. Qc8+ Bf8 32. Qe6+ Kh8 33. Qf6+ Kg8 34. Qf7+ 1-0